| 000 | 00685nam a22002297i 4500 | ||
|---|---|---|---|
| 003 | URS | ||
| 005 | 20220117150909.0 | ||
| 008 | 160421b xxu||||| |||| 00| 0 eng d | ||
| 020 | _a9789712360466 | ||
| 040 |
_erda _cURSP-College Library _beng |
||
| 050 |
_aHF5387 _b174.4 R55b 2011 |
||
| 100 | 1 | _aRoa, Floriano C. | |
| 245 |
_aBusiness Ethics and Social Responsibility 2nd e. _cRoa, Floriano C. |
||
| 264 | 1 |
_aManila _bRex Book Store _c2011. |
|
| 300 |
_axii, 278pages _c22cm |
||
| 336 |
_atext _btxt _2rdacontent |
||
| 337 |
_aunmediated _bn _2rdamedia |
||
| 338 |
_avolume _bnc _2rdacarrier |
||
| 500 | _aIncludes references and index | ||
| 650 | 0 | _aBusiness ethics. | |
| 942 |
_2lcc _cF |
||
| 999 |
_c7917 _d7917 |
||